00290nam a2200121Ia 4500008004100000100001900041245003600060260002800096300000800124650001200132942000700144999001700151190216s9999||||xx |||||||||||||| ||und|| aSuresh Chandra 0aClassical Mechanics A Text Book bNarosa Pubs Housec2009 a334 aPhysics cBK c34270d34270